| 000 | 00644nam a22002057a 4500 | ||
|---|---|---|---|
| 003 | OSt | ||
| 005 | 20251106062401.0 | ||
| 008 | 251106b |||||||| |||| 00| 0 eng d | ||
| 020 | _a0-02-864427-1. | ||
| 040 |
_aDWCL-Main lib _cOC |
||
| 082 | _aCirc. 262.13 F263s 2003 | ||
| 100 | _aFaulkner, Mary | ||
| 245 |
_aSupreme authority : _bunderstanding power in the catholic church _cFaulkner, Mary |
||
| 260 |
_aInd. : _bAlpha Books, _cc2003. |
||
| 300 |
_axii, 260 pages ; _c23 cm. |
||
| 504 | _aIncludes bibliographical references and index. | ||
| 650 | _21. Catholic church-Doctrines. | ||
| 651 | _22. Papacy. | ||
| 942 |
_2ddc _cBK-CIRC _kCirc. _n0 |
||
| 999 |
_c5595 _d5595 |
||